000 00429pab a2200157 454500
008 180718b2001 xxu||||| |||| 00| 0 eng d
100 _aRoscoe, Howard K.
245 _aThe risk of large volcanic eruptions and the impact of this risk on future ozone depletion
260 _c2001
300 _ap.231-46
362 _aMar
650 _aDisasters
650 _aVolcanic eruptions
773 _aNatural Hazards
909 _a48945
999 _c48945
_d48945